00648nam a2200193Ia 4500001002400000003000900024008004100033040002300074041001300097100001400110245006000124250001500184260002100199300001900220500004000239501012400279520003300403700001800436262.14-DEC fo sa (1541)IT-MiSPE171229s9999||||xx |||||||||||||| ||und|| aIT-MiSPEcIT-MiSPE aITALIANO aPaolo VI  0aDecreto sulla formazione sacerdotale ("Optatam totius") a1a ed. (v) aRomabCISMcs.d. a103 p. c21 cm aOptatam totius (Vat. II) - Commenti aEdizioni San Paolo srl - Piazza Soncino, 5 - 20092 CINISELLO BALSAMO (MI) (non commercial uses only) ® Copyright 2018 aAA.VV., I. Antoniutti (com.) aI. Antoniutti